| 000 | 00629nam a2200181 a 4500 | ||
|---|---|---|---|
| 005 | 20150811131803.0 | ||
| 008 | |||
| 100 | _aVillasoto, Herminigildo S. | ||
| 245 | 0 |
_aLogic and critical thinking / _cHerminigildo S. Villasoto, Leonardo E. Dollentas and Nestor G. Limqueco. |
|
| 260 |
_aMandaluyong City : Books Atbp. Publishing Corp., _cc2013. |
||
| 300 |
_axii, 288 p. : _bill. ; _c22 cm. |
||
| 500 | _aIncludes bibliographical references. | ||
| 650 | _aLogic. | ||
| 650 | _aCritical thinking. | ||
| 700 | _aLimqueco, Nestor G. | ||
| 700 | _aDollentas, Leonardo E. | ||
| 942 |
_2lcc _cBK |
||
| 999 |
_c39365 _d39365 |
||